[Event "London Classic FIDE Open"]
[Site "London ENG"]
[Date "2011.12.04"]
[Round "2"]
[White "Houska, Jovanka"]
[Black "Tozer, Philip A A"]
[Result "1-0"]
[WhiteTitle "IM"]
[WhiteElo "2415"]
[BlackElo "2159"]
[WhiteFideId "405094"]
[BlackFideId "419982"]
[EventDate "2011.12.03"]

1. d4 e6 2. c4 f5 3. g3 Nf6 4. Bg2 c6 5. Nf3 d5 6. O-O Bd6 7. Bf4 Bxf4 8. gxf4
O-O 9. Ne5 Nbd7 10. Nc3 Qe7 11. Rc1 Ne4 12. e3 Nxc3 13. Rxc3 Nxe5 14. fxe5 Bd7
15. f4 Be8 16. Kh1 Kh8 17. Rg1 Rg8 18. Bf3 g5 19. cxd5 cxd5 20. fxg5 Rxg5 21.
Rc2 Bg6 22. Rxg5 Qxg5 23. Qc1 Rg8 24. Rg2 Qh6 25. Kg1 Rf8 26. Be2 f4 27. exf4
Be4 28. Rg4 Bf5 29. Rg5 Qh4 30. Rg3 Rg8 31. Rxg8+ Kxg8 32. Qc8+ Kg7 33. Qxb7+
Kg6 34. Qb3 Qxf4 35. Qg3+ Qg5 36. Kf2 Bb1 37. a3 h5 38. h4 Qxg3+ 39. Kxg3 1-0

[Event "London Classic FIDE Open"]
[Site "London ENG"]
[Date "2011.12.04"]
[Round "2"]
[White "Blazquez, Denis"]
[Black "Roy Chowdhury, Saptarshi"]
[Result "0-1"]
[BlackTitle "IM"]
[WhiteElo "2178"]
[BlackElo "2411"]
[WhiteFideId "601705"]
[BlackFideId "5002974"]
[EventDate "2011.12.03"]

1. d4 e6 2. c4 b6 3. Nc3 Bb7 4. e4 Bb4 5. Bd3 Ne7 6. Ne2 O-O 7. O-O f5 8. f3
Nbc6 9. Bd2 e5 10. d5 Bc5+ 11. Kh1 Nb4 12. Bb1 f4 13. a3 Na6 14. b4 Bd6 15. Nb5
Nc8 16. Nxd6 Nxd6 17. Qb3 c5 18. Bd3 Nf7 19. g3 fxg3 20. Nxg3 d6 21. f4 Bc8 22.
f5 Qh4 23. Qd1 Nc7 24. Qh5 Qxh5 25. Nxh5 Ne8 26. Rg1 Kh8 27. Be1 Nh6 28. Bh4 Ng8
29. Rg2 Rf7 30. Rag1 Bd7 31. h3 Rc8 32. Kh2 Rc7 33. Bd8 Rb7 34. Bh4 Bc8 35. Bc2
Bd7 36. Bd3 Rc7 37. Bd8 Rc8 38. Bh4 Ba4 39. Bc2 Bxc2 40. Rxc2 cxb4 41. axb4 Rfc7
42. Rgc1 g6 43. fxg6 hxg6 44. Ng3 Kg7 45. Bg5 Ngf6 46. Bd2 Nd7 47. Rc3 Nef6 48.
Kg2 a5 49. bxa5 bxa5 50. Be3 Nc5 51. Bxc5 Rxc5 52. Kf3 Rb8 53. Nf1 Rh8 54. Nd2
Rxh3+ 55. Kg2 Rh4 56. Nb3 Rc8 57. Nxa5 Nxe4 58. Rb3 Rg4+ 59. Kh2 Rh8+ 60. Rh3
Ra8 61. Ra3 Ng5 0-1

[Event "London Classic FIDE Open"]
[Site "London ENG"]
[Date "2011.12.04"]
[Round "2"]
[White "D'Costa, Lorin A R"]
[Black "Gavriel, Tryfon C"]
[Result "1-0"]
[WhiteTitle "IM"]
[BlackTitle "CM"]
[WhiteElo "2409"]
[BlackElo "2156"]
[WhiteFideId "409219"]
[BlackFideId "403105"]
[EventDate "2011.12.03"]

1. d4 f5 2. Bg5 Nf6 3. Bxf6 exf6 4. e3 d5 5. c4 c6 6. Nc3 Be6 7. Qb3 Nd7 8. cxd5
cxd5 9. Nge2 g5 10. g3 Nb6 11. Bg2 Kf7 12. Nc1 a5 13. Nd3 a4 14. Qd1 Nc4 15. O-O
Qa5 16. Rc1 a3 17. b4 Qd8 18. Nc5 Bxc5 19. dxc5 Nb2 20. Qd4 1-0

[Event "London Classic FIDE Open"]
[Site "London ENG"]
[Date "2011.12.04"]
[Round "2"]
[White "Josse, Mark"]
[Black "Thorfinnsson, Bjorn"]
[Result "0-1"]
[BlackTitle "IM"]
[WhiteElo "2162"]
[BlackElo "2402"]
[WhiteFideId "414476"]
[BlackFideId "2300982"]
[EventDate "2011.12.03"]

1. e4 e5 2. Nf3 Nc6 3. Bb5 a6 4. Ba4 f5 5. d4 exd4 6. Nxd4 Nxd4 7. Qxd4 c5 8.
Qe5+ Qe7 9. Qxe7+ Bxe7 10. c4 fxe4 11. Nc3 Nf6 12. O-O O-O 13. Bc2 b5 14. Nxe4
bxc4 15. Nxf6+ Bxf6 16. Be4 Rb8 17. Bd5+ Kh8 18. Bxc4 Rd8 19. Rd1 d5 20. Rxd5
Be6 21. Rxd8+ Rxd8 22. Be2 c4 23. a4 Rb8 24. g4 g5 25. Kg2 Bxb2 26. Bxb2+ Rxb2
27. Kf1 a5 28. Ke1 Kg7 29. Ra3 Rb3 30. Rxb3 cxb3 31. Kd2 Bd7 32. Bb5 Bxg4 33.
Bc4 b2 34. Kc2 Bd1+ 35. Kxb2 Bxa4 36. Kc3 Kf6 37. Kd4 Bd7 38. Kc5 Ke5 39. Bd3 h5
40. Be2 h4 41. Bd1 a4 42. Kb4 Kd4 43. Be2 a3 44. Kxa3 Kc3 45. Bf3 Kd2 46. Bd5
Ke2 47. f3 Kf2 48. Kb3 Kg1 49. Kc3 Kxh2 50. Kd2 Kg3 0-1

[Event "London Classic FIDE Open"]
[Site "London ENG"]
[Date "2011.12.04"]
[Round "2"]
[White "Slavin, Alexei"]
[Black "Yeo, Michael J"]
[Result "1-0"]
[WhiteTitle "IM"]
[WhiteElo "2400"]
[BlackElo "2152"]
[WhiteFideId "24104388"]
[BlackFideId "402257"]
[EventDate "2011.12.03"]

1. d4 Nf6 2. Nf3 g6 3. c4 Bg7 4. Nc3 d5 5. g3 O-O 6. Bg2 Nc6 7. Ne5 dxc4 8. Nxc6
bxc6 9. Bxc6 Rb8 10. Bg2 Ne8 11. d5 e6 12. O-O exd5 13. Bxd5 Bh3 14. Re1 Nd6 15.
Qa4 Rb6 16. Rd1 Qb8 17. Be3 Rxb2 18. Bxa7 Qe8 19. Bc6 Qe6 20. Bd4 Bxd4 21. Rxd4
Rfb8 22. Rad1 Kg7 23. Bf3 Nf5 24. Re4 Qb6 25. Qxc4 Nd6 26. Qd4+ Qxd4 27. Rexd4
Rc2 28. R4d3 Rbb2 29. Nd5 Bf5 30. Rc3 Rxa2 31. Rxc7 Rd2 32. Rxd2 Rxd2 33. Kg2
Be4 34. Nf4 g5 35. Ne6+ Kf6 36. Nc5 Bxf3+ 37. Kxf3 g4+ 38. Ke3 Rd1 39. Rd7 Nc4+
40. Kf4 Rxd7 41. Nxd7+ 1-0

[Event "London Classic FIDE Open"]
[Site "London ENG"]
[Date "2011.12.04"]
[Round "2"]
[White "Williamson, Roger G"]
[Black "Hassan, Abdullah"]
[Result "1-0"]
[BlackTitle "IM"]
[WhiteElo "2157"]
[BlackElo "2398"]
[WhiteFideId "414620"]
[BlackFideId "9300481"]
[EventDate "2011.12.03"]

1. e4 e6 2. Nf3 d5 3. Nc3 Nf6 4. e5 Nfd7 5. d4 c5 6. dxc5 Nc6 7. Bf4 Bxc5 8. Bd3
f6 9. exf6 Nxf6 10. Qe2 O-O 11. O-O-O a6 12. h4 Qe8 13. h5 Nb4 14. h6 g6 15. Ne5
Nh5 16. Rxh5 Rxf4 17. Bxg6 hxg6 18. h7+ Kh8 19. Rh6 Rf6 20. Qg4 Bd7 21. Nxg6+
Rxg6 22. Rxg6 Qf7 23. Rg8+ Rxg8 24. hxg8=Q+ Qxg8 25. Rh1+ Qh7 26. Rxh7+ Kxh7 27.
Qh4+ Kg6 28. Qd8 Bc6 29. a3 Nxc2 30. Kxc2 d4 31. b4 Ba7 32. Ne2 e5 33. Qd6+ Kf5
34. Ng3+ 1-0

[Event "London Classic FIDE Open"]
[Site "London ENG"]
[Date "2011.12.04"]
[Round "2"]
[White "Karthikeyan, Murali"]
[Black "Ansell, Simon T"]
[Result "1/2-1/2"]
[BlackTitle "IM"]
[WhiteElo "2154"]
[BlackElo "2389"]
[WhiteFideId "5074452"]
[BlackFideId "402141"]
[EventDate "2011.12.03"]

1. e4 c6 2. d4 d5 3. exd5 cxd5 4. c4 Nf6 5. Nc3 g6 6. Nf3 Bg7 7. cxd5 Nxd5 8.
Bc4 Nxc3 9. bxc3 O-O 10. O-O Qc7 11. Bd3 Qxc3 12. Bf4 Bg4 13. Rc1 Qa3 14. d5 Nd7
15. Be2 Rac8 16. d6 Rxc1 17. Qxc1 Qxc1 18. Rxc1 exd6 19. h3 Be6 20. Bxd6 Rd8 21.
Be7 Re8 22. Bd6 Bf8 23. Bxf8 Nxf8 24. Nd4 Bxa2 25. Bf3 Rd8 26. Nb5 Rd7 27. Nxa7
Bd5 28. Bxd5 Rxd5 29. Rc7 Rd1+ 30. Kh2 Rd7 31. Rc1 Ne6 32. Nb5 Kg7 33. Kg3 Rd3+
34. f3 g5 35. h4 h6 36. hxg5 hxg5 37. Rc2 Kg6 38. Kf2 Rb3 39. Nd6 b5 40. Rc6 b4
41. Rb6 Rb1 42. Ne4 Kg7 43. Kg3 Rb2 44. Rb5 f6 45. Rb7+ Kg6 46. Rb6 Nf4 47.
Rxf6+ Kg7 48. Kg4 Rxg2+ 49. Kf5 Nd5 50. Rg6+ Kf7 51. Rxg5 Rxg5+ 52. Nxg5+ Ke7
53. Ke4 b3 54. Kd3 Kf6 55. Ne4+ Ke5 56. Nd2 Kf4 57. Nxb3 Kxf3 1/2-1/2

[Event "London Classic FIDE Open"]
[Site "London ENG"]
[Date "2011.12.04"]
[Round "2"]
[White "Rendle, Thomas E"]
[Black "Jaunooby, Ali R"]
[Result "0-1"]
[WhiteTitle "IM"]
[WhiteElo "2389"]
[BlackElo "2144"]
[WhiteFideId "408760"]
[BlackFideId "413291"]
[EventDate "2011.12.03"]

1. e4 d5 2. exd5 Nf6 3. d4 Nxd5 4. c4 Nb6 5. Nf3 g6 6. Nc3 Bg7 7. c5 N6d7 8. Bc4
O-O 9. O-O b6 10. Re1 h6 11. Qc2 e6 12. d5 Nxc5 13. b4 exd5 14. Bxd5 Bf5 15. Qd2
c6 16. bxc5 cxd5 17. Ba3 Re8 18. Rxe8+ Qxe8 19. Re1 Qd8 20. Qxd5 Na6 21. Rd1
Qxd5 22. Nxd5 Bf8 23. Nf6+ Kh8 24. Bb2 Nxc5 25. Nh5+ f6 26. Bxf6+ Kg8 27. Ng3
Be6 28. a3 Bg4 29. Rd4 Bxf3 30. gxf3 Kf7 31. Be5 Ke6 32. Bf4 g5 33. Be3 Bg7 34.
Rd2 Rc8 35. f4 Bf6 36. f5+ Ke7 37. Rc2 Kd7 38. Nh5 Be5 39. f3 Nd3 40. Rd2 Rc1+
41. Kg2 Rc2 42. h4 Rxd2+ 43. Bxd2 Nf4+ 44. Nxf4 Bxf4 45. Bc3 b5 46. h5 Ke7 47.
Kf2 Bd6 48. Bb2 a5 49. Ke3 Kf7 50. Kf2 Be7 51. f4 Bf6 52. Bc1 b4 53. axb4 axb4
54. Kf3 b3 55. fxg5 hxg5 56. Kg4 Kg7 57. Ba3 Kh6 58. Bf8+ Bg7 59. Ba3 b2 60.
Bxb2 Bxb2 61. f6 Bxf6 62. Kf5 Kxh5 0-1

[Event "London Classic FIDE Open"]
[Site "London ENG"]
[Date "2011.12.04"]
[Round "2"]
[White "Quinn, John M"]
[Black "Bates, Richard A"]
[Result "0-1"]
[BlackTitle "IM"]
[WhiteElo "2151"]
[BlackElo "2386"]
[WhiteFideId "405043"]
[BlackFideId "403555"]
[EventDate "2011.12.03"]

1. d4 Nf6 2. c4 g6 3. Nc3 Bg7 4. e4 d6 5. Nf3 O-O 6. h3 c6 7. Bg5 a6 8. Qd2 b5
9. a3 Nbd7 10. e5 Ne8 11. h4 dxe5 12. dxe5 Nc7 13. Qe3 Ne6 14. Bh6 Qb6 15. Qxb6
Nxb6 16. Bxg7 Kxg7 17. Rc1 Rd8 18. cxb5 cxb5 19. Be2 Bb7 20. O-O Nf4 21. Rc2
Rac8 22. Rfc1 Be4 23. Rd2 Rxd2 24. Nxd2 Rxc3 0-1

[Event "London Classic FIDE Open"]
[Site "London ENG"]
[Date "2011.12.04"]
[Round "2"]
[White "Buckley, Graeme N"]
[Black "Nandhidhaa, PV"]
[Result "1/2-1/2"]
[WhiteTitle "IM"]
[WhiteElo "2383"]
[BlackElo "2139"]
[WhiteFideId "402265"]
[BlackFideId "5050847"]
[EventDate "2011.12.03"]

1. d4 d5 2. c4 e6 3. Nc3 Nf6 4. Bg5 Be7 5. e3 h6 6. Bh4 O-O 7. Nf3 b6 8. Rc1 Bb7
9. Bg3 c5 10. cxd5 Nxd5 11. Bd3 cxd4 12. exd4 Nd7 13. O-O N7f6 14. Qe2 Nb4 15.
Bc4 Bxf3 16. Qxf3 Qxd4 17. Bb3 Qd3 18. Qb7 Qd7 19. Qxd7 Nxd7 20. a3 Nd3 21. Rcd1
N7c5 22. Ba2 Nxb2 23. Rd2 Bf6 24. Rxb2 Bxc3 25. Rc2 Bd4 26. Rd1 Rfd8 27. Kf1 Bf6
28. Rcd2 Rxd2 29. Rxd2 Rd8 30. Rxd8+ Bxd8 31. f3 Kf8 32. Bd6+ Be7 33. Bxc5 bxc5
34. a4 Bd6 35. h3 Ke7 36. Ke2 Kf6 37. Bc4 h5 38. Kd3 h4 39. Ke4 Kg5 40. Ke3 Bh2
41. Ba2 Kf5 42. Bb1+ Ke5 43. Ba2 f6 44. Kd3 Bg1 45. Bb3 Kf5 46. Ba2 e5 47. Bd5
Kf4 48. Ke2 f5 49. Kf1 Be3 50. Ke2 Bd4 51. Be6 g5 52. Bf7 e4 53. fxe4 Kxe4 54.
Be6 Ke5 55. Bf7 g4 56. Be8 c4 57. Bd7 gxh3 58. gxh3 Ke4 59. Bc6+ Kf4 60. Bd7 a5
61. Bc8 Bf6 62. Be6 c3 63. Kd3 Bd4 64. Bd7 Ke5 65. Bc8 f4 66. Bb7 Kd6 67. Bf3
Kc5 68. Be4 Kb4 69. Kxd4 Kb3 70. Kd3 f3 71. Ke3 c2 72. Kd2 Kxa4 73. Bxf3 Kb4 74.
Kxc2 Kc4 75. Kd2 a4 76. Ke3 a3 77. Bh5 Kd5 78. Kf4 Ke6 79. Bd1 a2 80. Bb3+ Kf6
81. Bxa2 Kg7 82. Ke5 Kh7 83. Bb1+ Kg7 84. Ke6 Kh8 85. Ba2 Kg7 86. Ke7 Kh8 87.
Kf8 Kh7 88. Bb1+ Kh8 89. Bc2 1/2-1/2

[Event "London Classic FIDE Open"]
[Site "London ENG"]
[Date "2011.12.04"]
[Round "2"]
[White "Tavoularis, Nicholas"]
[Black "Mikkelsen, Nikolaj"]
[Result "1/2-1/2"]
[BlackTitle "IM"]
[WhiteElo "2143"]
[BlackElo "2381"]
[WhiteFideId "4205596"]
[BlackFideId "1407970"]
[EventDate "2011.12.03"]

1. e4 c5 2. Nc3 Nc6 3. f4 e6 4. Nf3 d5 5. e5 Nh6 6. g3 Be7 7. Bg2 O-O 8. O-O f6
9. d3 Nf5 10. Ne2 fxe5 11. fxe5 Nfd4 12. Nexd4 Nxd4 13. c3 Nxf3+ 14. Rxf3 Bd7
15. Rxf8+ Qxf8 16. Qg4 Qe8 17. c4 dxc4 18. dxc4 Rb8 19. Bd2 h5 20. Qe2 Bc6 21.
Bxc6 Qxc6 22. Qxh5 Qe4 23. Bc3 Rf8 24. Rf1 Rxf1+ 25. Kxf1 Qxc4+ 26. Kf2 Qxa2 27.
Qe8+ Bf8 28. g4 Qc4 29. Kg3 b5 30. g5 Qd3+ 31. Kg2 Qe4+ 32. Kg3 Qe3+ 33. Kg4
Qg1+ 34. Kf3 Qf1+ 35. Kg3 b4 36. Qxe6+ Qf7 37. Qxf7+ Kxf7 38. Bd2 Ke6 39. Kf4 g6
40. Ke4 Bg7 41. Be3 c4 42. Bxa7 Bxe5 43. Bc5 b3 44. Bd4 Bxh2 45. Bc3 Bg1 46. Bd4
Bh2 47. Bc3 Bg1 1/2-1/2

[Event "London Classic FIDE Open"]
[Site "London ENG"]
[Date "2011.12.04"]
[Round "2"]
[White "Ferguson, Mark"]
[Black "Zymberi, Astrit"]
[Result "1/2-1/2"]
[WhiteTitle "IM"]
[WhiteElo "2374"]
[BlackElo "2138"]
[WhiteFideId "403547"]
[BlackFideId "4700295"]
[EventDate "2011.12.03"]

1. e4 c5 2. Nf3 e6 3. d3 Nc6 4. g3 d5 5. Qe2 Nge7 6. Bg2 g6 7. O-O Bg7 8. e5 Qc7
9. Re1 Nf5 10. c3 h5 11. h3 b6 12. Na3 a6 13. Nc2 a5 14. a4 Ba6 15. Bg5 Bh6 16.
Bxh6 Nxh6 17. Qd2 Nf5 18. b4 axb4 19. cxb4 cxb4 20. Nxb4 Nxb4 21. Qxb4 Bxd3 22.
g4 hxg4 23. hxg4 Nh4 24. Nxh4 Rxh4 25. Re3 Bc4 26. Bf3 Qc5 27. Rb1 Qxb4 28. Rxb4
Ra6 29. Re1 Kd7 30. Be2 Bxe2 31. Rxe2 g5 32. Reb2 Kc6 33. Rc2+ Kb7 34. Rcb2 Kc6
35. Rc2+ Kd7 36. Rcb2 Kc7 37. Rc2+ Kb7 38. Rcb2 Kc7 39. Rc2+ Kd7 40. Rcb2 Kd8
41. f3 Kc7 42. Rc2+ Kb7 43. Rcb2 Kc6 1/2-1/2

[Event "London Classic FIDE Open"]
[Site "London ENG"]
[Date "2011.12.04"]
[Round "2"]
[White "Pedersen, Carsten"]
[Black "Getz, Nicolai"]
[Result "0-1"]
[BlackTitle "IM"]
[WhiteElo "2133"]
[BlackElo "2369"]
[WhiteFideId "1409760"]
[BlackFideId "1505572"]
[EventDate "2011.12.03"]

1. e4 e5 2. Nc3 Nf6 3. f4 d5 4. fxe5 Nxe4 5. Nf3 Bc5 6. d4 Bb4 7. Bd2 Bg4 8.
Nxe4 dxe4 9. Bxb4 exf3 10. Qd2 Nc6 11. Bb5 Qd5 12. Bxc6+ Qxc6 13. O-O O-O-O 14.
Qf4 Qg6 15. Rf2 h5 16. Re1 Rd7 17. c3 Re8 18. gxf3 Bxf3+ 19. Qg3 Bg4 20. h3 Bxh3
21. Qxg6 fxg6 22. b3 b6 23. Kh2 Be6 24. Rg1 Bf5 25. Re1 Rd5 26. Rfe2 Bg4 27. Re3
Kd7 28. Kg3 Ke6 29. Ba3 Ra5 30. Bc1 Rxa2 31. c4 g5 32. d5+ Kf5 33. Rf1+ Kg6 34.
e6 Bf5 35. Rg1 h4+ 36. Kf3 g4+ 37. Rxg4+ Bxg4+ 38. Kxg4 Rg2+ 39. Kh3 Rg3+ 40.
Rxg3+ hxg3 41. Bf4 Re7 42. Bxc7 Rxc7 43. d6 Rc8 0-1

[Event "London Classic FIDE Open"]
[Site "London ENG"]
[Date "2011.12.04"]
[Round "2"]
[White "Crouch, Colin S"]
[Black "Duncan, Patrick C M"]
[Result "1-0"]
[WhiteTitle "IM"]
[WhiteElo "2366"]
[BlackElo "2125"]
[WhiteFideId "400947"]
[BlackFideId "405787"]
[EventDate "2011.12.03"]

1. d4 Nf6 2. Nf3 e6 3. c4 Bb4+ 4. Bd2 Qe7 5. g3 Nc6 6. Bg2 O-O 7. O-O Bxd2 8.
Nbxd2 d6 9. e4 e5 10. d5 Nb8 11. Ne1 a5 12. Nd3 Na6 13. a3 Nc5 14. Nxc5 dxc5 15.
Qc2 Ne8 16. f4 exf4 17. gxf4 Qh4 18. e5 Ra6 19. Qd3 Rh6 20. Qg3 Qxg3 21. hxg3
Rb6 22. b3 a4 23. bxa4 Rb2 24. Ne4 b6 25. f5 Rc2 26. e6 Nd6 27. Nxd6 cxd6 28.
Rfc1 Rxc1+ 29. Rxc1 Ba6 30. Rb1 fxe6 31. Rxb6 Bxc4 32. fxe6 Rd8 33. a5 Kf8 34.
Rb7 Ra8 35. Rf7+ Ke8 36. Rxg7 Rxa5 37. Bf3 Bb5 38. Rb7 c4 39. Bh5+ Kd8 40. e7+
Kc8 41. Rxb5 1-0

[Event "London Classic FIDE Open"]
[Site "London ENG"]
[Date "2011.12.04"]
[Round "2"]
[White "Holzhauer, Bjoern"]
[Black "Weber, Tom"]
[Result "0-1"]
[BlackTitle "FM"]
[WhiteElo "2131"]
[BlackElo "2355"]
[WhiteFideId "20605544"]
[BlackFideId "4000609"]
[EventDate "2011.12.03"]

1. d4 Nf6 2. c4 g6 3. Nc3 d5 4. e3 Bg7 5. Qb3 c6 6. Nf3 O-O 7. Bd2 dxc4 8. Bxc4
b5 9. Be2 a5 10. O-O Bf5 11. Ne5 a4 12. Qd1 Qb6 13. Bf3 Ra6 14. a3 c5 15. Ne2
Ne4 16. Bxe4 Bxe4 17. Bc3 Rd8 18. Qc1 cxd4 19. exd4 f6 20. Ng4 Nc6 21. Rd1 Bd5
22. Qf4 Ra7 23. Ne3 Bb3 24. Re1 Rad7 25. g4 e6 26. Rac1 Qb7 27. d5 Ne5 28. Bxe5
fxe5 29. Qb4 exd5 30. Nf1 d4 31. Nd2 Bf8 32. Rc5 Rd5 33. Nxb3 Rxc5 34. Nxc5 Qd5
35. Qxb5 Bxc5 36. Qxa4 d3 37. Nc3 Qf7 38. Ne4 Bd4 39. Qb4 Qf3 40. Qd2 Qxg4+ 41.
Kf1 Qf3 42. Kg1 Rf8 43. b4 Rf4 44. Qa2+ Kg7 0-1

[Event "London Classic FIDE Open"]
[Site "London ENG"]
[Date "2011.12.04"]
[Round "2"]
[White "Richardson, John R"]
[Black "Torner Planell, Josep Ramon"]
[Result "1/2-1/2"]
[WhiteTitle "FM"]
[WhiteElo "2331"]
[BlackElo "2123"]
[WhiteFideId "401617"]
[BlackFideId "2219174"]
[EventDate "2011.12.03"]

1. d4 d5 2. c4 c6 3. Nf3 Nf6 4. Nc3 e6 5. Bg5 h6 6. Bh4 dxc4 7. e4 g5 8. Bg3 b5
9. a3 Bb7 10. Be2 Nbd7 11. O-O Bg7 12. e5 Nd5 13. Ne4 O-O 14. h4 g4 15. Ne1 Qb6
16. Bxg4 c5 17. dxc5 Nxc5 18. Nd6 Rad8 19. Qe2 Ba8 20. Bf3 a6 21. Bxd5 Bxd5 22.
Bf4 Qc6 23. Qh5 1/2-1/2

[Event "London Classic FIDE Open"]
[Site "London ENG"]
[Date "2011.12.04"]
[Round "2"]
[White "McKenna, Jason P"]
[Black "Gislason, Gudmundur"]
[Result "0-1"]
[WhiteElo "2110"]
[BlackElo "2318"]
[WhiteFideId "403857"]
[BlackFideId "2300559"]
[EventDate "2011.12.03"]

1. e4 g6 2. d4 Bg7 3. Nc3 d6 4. Nf3 a6 5. Be3 b5 6. Bd3 Bb7 7. a4 c6 8. Qd2 Nd7
9. O-O Qc7 10. Rfe1 b4 11. Ne2 c5 12. c3 c4 13. Bb1 Ngf6 14. Ng3 bxc3 15. bxc3
Ng4 16. a5 Nxe3 17. Qxe3 O-O 18. Ra4 Rac8 19. Nd2 Bc6 20. Ra2 Bb5 21. Bc2 Nb8
22. h4 Nc6 23. Rea1 e5 24. d5 Nd4 25. Bd1 f5 26. exf5 Nxf5 27. Nxf5 gxf5 28. Ba4
Rb8 29. Bc2 e4 30. g4 Qe7 31. gxf5 Qxh4 32. Nxe4 Rxf5 33. Nxd6 Rg5+ 34. Kf1 Re5
35. Qg3 Qxg3 36. fxg3 Rxd5 37. Nxb5 Rdxb5 38. Ra3 Rg5 39. Be4 Rf8+ 40. Kg2 Be5
41. Rg1 Rf6 0-1

[Event "London Classic FIDE Open"]
[Site "London ENG"]
[Date "2011.12.04"]
[Round "2"]
[White "Guiot, Jerome"]
[Black "Berry, Neil"]
[Result "1/2-1/2"]
[BlackTitle "FM"]
[WhiteElo "2100"]
[BlackElo "2312"]
[WhiteFideId "609765"]
[BlackFideId "2400650"]
[EventDate "2011.12.03"]

1. e4 e5 2. f4 exf4 3. Nf3 g5 4. h4 g4 5. Ne5 Nf6 6. Nxg4 Nxe4 7. d3 Ng3 8. Bxf4
Qe7+ 9. Be2 Nxe2 10. Qxe2 Qxe2+ 11. Kxe2 Bg7 12. Nc3 d5 13. Ne5 c6 14. Kd2 Be6
15. Rae1 Nd7 16. g4 O-O-O 17. Nxd7 Kxd7 18. Rhg1 h6 19. Be5 Bxe5 20. Rxe5 Rdg8
21. g5 f6 22. Rxe6 Kxe6 23. g6 h5 24. Ne2 Rh6 25. Nd4+ Ke5 26. Re1+ Kf4 27. Rf1+
Kg4 28. Rg1+ Kf4 29. Rf1+ Kg4 30. Rg1+ Kf4 31. Rf1+ 1/2-1/2

[Event "London Classic FIDE Open"]
[Site "London ENG"]
[Date "2011.12.04"]
[Round "2"]
[White "Skutta, Bernd"]
[Black "Afek, Yochanan"]
[Result "0-1"]
[BlackTitle "IM"]
[WhiteElo "2098"]
[BlackElo "2301"]
[WhiteFideId "4666950"]
[BlackFideId "2800462"]
[EventDate "2011.12.03"]

1. d4 Nf6 2. Nf3 g6 3. c4 Bg7 4. Nc3 O-O 5. e4 c5 6. d5 e6 7. Be2 exd5 8. exd5
d6 9. O-O Na6 10. h3 Nc7 11. Bf4 a6 12. a4 b6 13. Re1 Rb8 14. Bf1 Nh5 15. Bh2 f5
16. Qd2 h6 17. Bd3 g5 18. Kh1 Ne8 19. Qc2 Rb7 20. Re2 g4 21. Ng1 f4 22. hxg4
Bxg4 23. Nf3 Bxf3 24. gxf3 Be5 25. Rg1+ Rg7 26. Rg4 Nef6 27. Rxg7+ Nxg7 28. Bf5
Kh8 29. Be6 Qe8 30. Re1 Nxe6 31. dxe6 Qxe6 32. Qg6 Qh3 33. Qg2 Qh5 0-1

[Event "London Classic FIDE Open"]
[Site "London ENG"]
[Date "2011.12.04"]
[Round "2"]
[White "Alfred, Nathan S W"]
[Black "Bass, John W"]
[Result "1/2-1/2"]
[WhiteTitle "FM"]
[WhiteElo "2294"]
[BlackElo "2071"]
[WhiteFideId "407739"]
[BlackFideId "407925"]
[EventDate "2011.12.03"]

1. d4 Nf6 2. Nf3 e6 3. c4 Bb4+ 4. Nbd2 O-O 5. g3 b6 6. Bg2 Bb7 7. O-O c5 8. a3
Bxd2 9. Bxd2 cxd4 10. Bg5 h6 11. Bxf6 Qxf6 12. Qxd4 Qxd4 13. Nxd4 Bxg2 14. Kxg2
Nc6 15. Nxc6 dxc6 16. Rfd1 1/2-1/2

[Event "London Classic FIDE Open"]
[Site "London ENG"]
[Date "2011.12.04"]
[Round "2"]
[White "Schwartz, Julius"]
[Black "Webb, Laurence E"]
[Result "0-1"]
[BlackTitle "FM"]
[WhiteElo "2065"]
[BlackElo "2283"]
[WhiteFideId "2402831"]
[BlackFideId "402389"]
[EventDate "2011.12.03"]

1. d4 Nf6 2. c4 e6 3. Nc3 Bb4 4. Qc2 d5 5. cxd5 Qxd5 6. Nf3 Qf5 7. Qxf5 exf5 8.
a3 Be7 9. g3 c6 10. Bg2 Be6 11. O-O Nbd7 12. Ne5 Nxe5 13. dxe5 Ng4 14. Bf4 g5
15. h3 gxf4 16. hxg4 fxg3 17. gxf5 Bxf5 18. fxg3 Be6 19. Rad1 Rd8 20. Ne4 Bb3
21. Nd6+ Bxd6 22. Rxd6 Ke7 23. Rf3 Bd5 24. Rd3 Bxg2 25. Kxg2 Rxd6 26. Rxd6 Rd8
27. Rxd8 Kxd8 28. Kf3 Ke7 29. Ke4 Ke6 30. g4 c5 31. a4 b6 32. e3 a6 33. Kf4 Kd5
34. Kf5 b5 35. Kf6 c4 36. Kxf7 Kxe5 37. Kg7 b4 38. Kxh7 c3 39. bxc3 b3 40. g5 b2 0-1

[Event "London Classic FIDE Open"]
[Site "London ENG"]
[Date "2011.12.04"]
[Round "2"]
[White "Eriksen, Magnus"]
[Black "Eckersley-Waites, Tom"]
[Result "0-1"]
[WhiteElo "2063"]
[BlackElo "2276"]
[WhiteFideId "1509764"]
[BlackFideId "412449"]
[EventDate "2011.12.03"]

1. e4 e5 2. Nf3 Nc6 3. Bb5 a6 4. Ba4 Nf6 5. Qe2 b5 6. Bb3 Be7 7. O-O O-O 8. c3
d6 9. Rd1 Na5 10. Bc2 c5 11. d4 Qc7 12. d5 g6 13. Bh6 Re8 14. h3 Nh5 15. Nh2 Bf6
16. Ng4 Bh8 17. Nd2 Bd7 18. Qf3 Qd8 19. g3 Bg7 20. Be3 Rf8 21. Nh6+ Bxh6 22.
Bxh6 Ng7 23. Qg2 f5 24. exf5 gxf5 25. f4 Qf6 26. Bg5 Qg6 27. Re1 Rae8 28. Bh4
exf4 29. gxf4 Nh5 30. Qxg6+ hxg6 31. Be7 Nxf4 32. Bxf8 Kxf8 33. Rxe8+ Kxe8 34.
Re1+ Kf7 35. h4 Nxd5 36. Nf3 Kf6 37. Kf2 Nc6 38. Rd1 Be6 39. a4 Ne5 40. axb5
axb5 41. Bb3 c4 42. Bc2 Nxf3 43. Kxf3 b4 44. cxb4 Nxb4 45. Bb1 d5 46. Kf4 Na6
47. Bc2 Nc5 48. Rg1 Bf7 49. Ra1 Ne6+ 50. Kg3 d4 51. Ra6 d3 52. Bd1 Ke5 53. Ra7
Be8 54. Re7 Bc6 55. Ra7 Nc5 56. Re7+ Kd4 57. Kf2 Ne4+ 58. Kf1 f4 59. Rc7 Bd5 60.
Rd7 f3 0-1

[Event "London Classic FIDE Open"]
[Site "London ENG"]
[Date "2011.12.04"]
[Round "2"]
[White "Gagare, Shardul"]
[Black "Chidi, Lovinia Sylvia"]
[Result "1-0"]
[WhiteTitle "FM"]
[WhiteElo "2275"]
[BlackElo "1815"]
[WhiteFideId "5037883"]
[BlackFideId "1270574"]
[EventDate "2011.12.03"]

1. c4 Nf6 2. g3 g6 3. Bg2 Bg7 4. Nc3 c6 5. e4 e5 6. Nge2 d6 7. O-O Be6 8. b3 Qd7
9. d4 Nh5 10. Ba3 O-O 11. dxe5 Bxe5 12. f4 Bg7 13. Bxd6 Rd8 14. e5 Bh3 15. Nd4
Na6 16. Ne4 Bxg2 17. Kxg2 f5 18. Ng5 Re8 19. b4 h6 20. Ngf3 Nc7 21. Nh4 Ne6 22.
Ndxf5 Nhxf4+ 23. gxf4 gxf5 24. Nxf5 Qf7 25. Qg4 Kh7 26. Ng3 Rg8 27. f5 Nf8 28.
Qe4 Bh8 29. Rae1 Rg5 30. e6 Qf6 31. Be7 Qc3 32. Bxg5 hxg5 33. e7 1-0